000 00589nam a2200241Ia 4500
003 OSt
005 20221005115201.0
006 a|||||r|||| 00| 0
007 ta
008 221004b |||||||| |||| 00| 0 eng d
024 _a63487
037 _cTextual
040 _aCRL
_cCRL
_beng
041 _2eng
_aeng
082 _aXs281.N71, L1.2
110 _aMadhya Pradesh
245 0 _aBudget estimate for the year 1971-72
260 _c1971
650 _aECONOMICS
700 _aMadhya Pradesh
942 _hXs281.N71, L1.2
_cTEXL
_2cc
999 _c1033671
_d1033671